000 01897cam a22002777i 4500
999 _c14053
_d14053
003 OSt
005 20260327144935.0
008 140522s2013 caua 001 0 eng d
020 _a9781452104157
042 _alccopycat
050 0 0 _aTT199.4
_b.B53 2013
082 0 4 _a684.1/044
_223
100 1 _aBlair, Barb,
_eauthor.
245 1 0 _aFurniture makeovers :
_bsimple techniques for transforming furniture with paint, stains, paper, stencils, and more /
_cBarb Blair ; photographs by J. Aaron Greene ; foreword by Holly Becker.
300 _a190 pages :
_bcolor illustrations ;
_c24 cm
500 _aIncludes index.
505 0 _aThe hunt -- Tools & materials -- Techniques. Stripping furniture ; Sanding furniture ; Small repairs. Wood filling ; Gluing & clamping ; Router retrofits for new hardware ; Priming furniture -- Applying polyurethane ; Painting furniture ; Staining over paint ; Waxing over paint ; Refreshing wood with Danish oil ; Applying wallpaper to furniture ; Applying metal leaf ; Applying milk paint ; Using vinyl decals ; Using stencils ; Using an overhead projector ; Using découpage ; Color blocking ; Adding stripes ; Achieving the dip-dyed look ; Dry brushing ; Layering paint ; Spray painting ; Basic seat upholstering ; Lining drawers -- Before & after makeovers.
520 _aOffers simple techniques to transforming drab furniture into showpieces, including easy-to-follow instructions for spray painting, applying gold leaf, wall papering, stenciling, and dip dyeing.
650 0 _aFurniture painting.
650 0 _aFurniture
_xRepairing.
650 0 _aFurniture finishing.
700 1 _aGreene, J. Aaron,
_ephotographer.
856 4 2 _3Publisher description
_uhttp://www.loc.gov/catdir/enhancements/fy1409/2012276283-d.html
856 4 2 _3Contributor biographical information
_uhttp://www.loc.gov/catdir/enhancements/fy1409/2012276283-b.html
942 _2ddc